[Event "Deutsche Ländermeisterschaft 2025"]
[Site "Oer-Erkenschwick GER"]
[Date "2025.10.01"]
[Round "2"]
[White "Belin, Anton"]
[Black "Mohylnyi, Stepan"]
[Result "1-0"]
[Termination "normal"]
[Board "2.2"]
[BlackTitle "FM"]
[WhiteElo "2124"]
[BlackElo "2275"]
[WhiteClock "00:09:51"]
[BlackClock "00:01:13"]
[WhiteTeam "Sachsen-Anhalt"]
[BlackTeam "Bayern"]
[PlyCount "77"]
[WhiteFideId "34610952"]
[BlackFideId "34127836"]
[EventCountry "GER"]
[EventRounds "7"]
[EventType "team-swiss"]
[EventDate "2025.09.30"]

1. e4 {[%clk 01:30:57]} {[%emt 00:00:02]} c5 {[%clk 01:30:57]} {[%emt
00:00:04]} 2. Nf3 {[%clk 01:31:17]} {[%emt 00:00:09]} e6 {[%clk 01:31:24]}
{[%emt 00:00:03]} 3. d4 {[%clk 01:31:22]} {[%emt 00:00:25]} cxd4 {[%clk
01:31:52]} {[%emt 00:00:04]} 4. Nxd4 {[%clk 01:31:30]} {[%emt 00:00:21]} a6
{[%clk 01:32:20]} {[%emt 00:00:02]} 5. Bd3 {[%clk 01:31:25]} {[%emt 00:00:34]}
Nf6 {[%clk 01:32:46]} {[%emt 00:00:04]} 6. Qe2 {[%clk 01:29:47]} {[%emt
00:02:09]} d6 {[%clk 01:31:24]} {[%emt 00:01:52]} 7. O-O {[%clk 01:27:45]}
{[%emt 00:02:31]} Qc7 {[%clk 01:31:51]} {[%emt 00:00:03]} 8. Be3 {[%clk
01:25:40]} {[%emt 00:02:34]} Nbd7 {[%clk 01:31:32]} {[%emt 00:00:49]} 9. c4
{[%clk 01:24:23]} {[%emt 00:01:48]} b6 {[%clk 01:29:37]} {[%emt 00:02:26]} 10.
Nc3 {[%clk 01:20:22]} {[%emt 00:04:30]} Bb7 {[%clk 01:29:25]} {[%emt 00:00:43]}
11. f3 {[%clk 01:19:12]} {[%emt 00:01:38]} Ne5 {[%clk 01:23:22]} {[%emt
00:06:34]} 12. Rac1 {[%clk 01:18:09]} {[%emt 00:01:32]} Nxd3 {[%clk 01:19:57]}
{[%emt 00:03:56]} 13. Qxd3 {[%clk 01:18:30]} {[%emt 00:00:09]} Be7 {[%clk
01:20:25]} {[%emt 00:00:03]} 14. b3 {[%clk 01:09:57]} {[%emt 00:09:03]} O-O
{[%clk 01:14:44]} {[%emt 00:06:11]} 15. Kh1 {[%clk 01:02:53]} {[%emt 00:07:32]}
Rac8 {[%clk 01:10:39]} {[%emt 00:04:36]} 16. f4 {[%clk 00:51:54]} {[%emt
00:11:29]} g6 {[%clk 00:36:02]} {[%emt 00:35:08]} 17. f5 {[%clk 00:48:21]}
{[%emt 00:04:04]} gxf5 {[%clk 00:32:58]} {[%emt 00:03:33]} 18. Bh6 {[%clk
00:46:09]} {[%emt 00:02:41]} Kh8 {[%clk 00:32:53]} {[%emt 00:00:35]} 19. Bxf8
{[%clk 00:36:56]} {[%emt 00:09:43]} Bxf8 {[%clk 00:22:04]} {[%emt 00:11:20]}
20. exf5 {[%clk 00:35:42]} {[%emt 00:01:43]} e5 {[%clk 00:22:32]} {[%emt
00:00:03]} 21. Nde2 {[%clk 00:33:25]} {[%emt 00:02:46]} Bh6 {[%clk 00:19:57]}
{[%emt 00:03:05]} 22. Rcd1 {[%clk 00:31:27]} {[%emt 00:02:27]} Qc6 {[%clk
00:15:59]} {[%emt 00:04:29]} 23. Nd5 {[%clk 00:31:09]} {[%emt 00:00:48]} Nxd5
{[%clk 00:13:00]} {[%emt 00:03:29]} 24. cxd5 {[%clk 00:30:15]} {[%emt
00:01:24]} Qc2 {[%clk 00:13:28]} {[%emt 00:00:01]} 25. Qxc2 {[%clk 00:22:06]}
{[%emt 00:08:40]} Rxc2 {[%clk 00:13:56]} {[%emt 00:00:02]} 26. Ng3 {[%clk
00:22:23]} {[%emt 00:00:12]} Be3 {[%clk 00:12:40]} {[%emt 00:01:46]} 27. Ne4
{[%clk 00:18:09]} {[%emt 00:04:45]} Bd4 {[%clk 00:12:03]} {[%emt 00:01:07]} 28.
Rc1 {[%clk 00:12:24]} {[%emt 00:06:15]} Rxa2 {[%clk 00:12:15]} {[%emt
00:00:18]} 29. f6 {[%clk 00:11:37]} {[%emt 00:01:17]} h6 {[%clk 00:12:37]}
{[%emt 00:00:08]} 30. Rf3 {[%clk 00:11:06]} {[%emt 00:01:01]} Bxd5 {[%clk
00:10:33]} {[%emt 00:02:34]} 31. Rg3 {[%clk 00:11:00]} {[%emt 00:00:36]} Ra1
{[%clk 00:05:08]} {[%emt 00:05:56]} 32. Rxa1 {[%clk 00:11:06]} {[%emt
00:00:24]} Bxa1 {[%clk 00:05:36]} {[%emt 00:00:01]} 33. Nxd6 {[%clk 00:11:08]}
{[%emt 00:00:28]} e4 {[%clk 00:05:55]} {[%emt 00:00:11]} 34. Rh3 {[%clk
00:09:43]} {[%emt 00:01:54]} Kh7 {[%clk 00:02:25]} {[%emt 00:04:01]} 35. Nf5
{[%clk 00:09:26]} {[%emt 00:00:47]} h5 {[%clk 00:01:00]} {[%emt 00:01:55]} 36.
Ne7 {[%clk 00:09:52]} {[%emt 00:00:04]} Bxf6 {[%clk 00:00:31]} {[%emt
00:01:00]} 37. Nxd5 {[%clk 00:10:12]} {[%emt 00:00:09]} Bd4 {[%clk 00:00:48]}
{[%emt 00:00:12]} 38. Rxh5+ {[%clk 00:09:37]} {[%emt 00:01:06]} Kg6 {[%clk
00:01:13]} {[%emt 00:00:05]} 39. g4 {[%clk 00:09:51]} {[%emt 00:00:16]} 1-0

[Event "Deutsche Ländermeisterschaft 2025"]
[Site "Oer-Erkenschwick GER"]
[Date "2025.10.01"]
[Round "2"]
[White "Duong, Quang Bach"]
[Black "Nönnig, Jakob"]
[Result "1-0"]
[Termination "normal"]
[Board "2.3"]
[WhiteElo "2210"]
[BlackElo "2129"]
[WhiteClock "00:14:23"]
[BlackClock "00:00:56"]
[WhiteTeam "Bayern"]
[BlackTeam "Sachsen-Anhalt"]
[PlyCount "133"]
[WhiteFideId "16287045"]
[BlackFideId "16289447"]
[EventCountry "GER"]
[EventRounds "7"]
[EventType "team-swiss"]
[EventDate "2025.09.30"]

1. c4 {[%clk 01:30:56]} {[%emt 00:00:03]} e6 {[%clk 01:30:23]} {[%emt
00:00:39]} 2. d4 {[%clk 01:31:14]} {[%emt 00:00:11]} d5 {[%clk 01:30:29]}
{[%emt 00:00:24]} 3. Nc3 {[%clk 01:31:37]} {[%emt 00:00:07]} Nf6 {[%clk
01:30:48]} {[%emt 00:00:11]} 4. cxd5 {[%clk 01:32:01]} {[%emt 00:00:06]} exd5
{[%clk 01:31:13]} {[%emt 00:00:06]} 5. Bg5 {[%clk 01:32:25]} {[%emt 00:00:05]}
Be7 {[%clk 01:31:36]} {[%emt 00:00:07]} 6. e3 {[%clk 01:32:52]} {[%emt
00:00:04]} O-O {[%clk 01:30:43]} {[%emt 00:01:25]} 7. Bd3 {[%clk 01:33:14]}
{[%emt 00:00:09]} Nbd7 {[%clk 01:28:57]} {[%emt 00:02:16]} 8. Nge2 {[%clk
01:33:18]} {[%emt 00:00:26]} c6 {[%clk 01:27:43]} {[%emt 00:01:46]} 9. O-O
{[%clk 01:33:34]} {[%emt 00:00:15]} h6 {[%clk 01:27:44]} {[%emt 00:00:29]} 10.
Bh4 {[%clk 01:33:59]} {[%emt 00:00:04]} Nh5 {[%clk 01:08:43]} {[%emt 00:19:45]}
11. Bxe7 {[%clk 01:34:20]} {[%emt 00:00:09]} Qxe7 {[%clk 01:09:10]} {[%emt
00:00:03]} 12. Qd2 {[%clk 01:34:21]} {[%emt 00:00:29]} Re8 {[%clk 01:09:06]}
{[%emt 00:00:34]} 13. Rae1 {[%clk 01:34:12]} {[%emt 00:00:40]} b5 {[%clk
01:09:24]} {[%emt 00:00:13]} 14. Nc1 {[%clk 01:32:24]} {[%emt 00:02:18]} b4
{[%clk 01:06:17]} {[%emt 00:03:39]} 15. Na4 {[%clk 01:31:34]} {[%emt 00:01:20]}
Nhf6 {[%clk 01:02:02]} {[%emt 00:04:45]} 16. Nb3 {[%clk 01:30:07]} {[%emt
00:01:57]} a5 {[%clk 00:58:36]} {[%emt 00:03:58]} 17. Qe2 {[%clk 01:23:08]}
{[%emt 00:07:30]} Ne4 {[%clk 00:48:46]} {[%emt 00:10:21]} 18. f3 {[%clk
01:21:22]} {[%emt 00:02:16]} Nd6 {[%clk 00:49:08]} {[%emt 00:00:07]} 19. e4
{[%clk 01:21:07]} {[%emt 00:00:44]} dxe4 {[%clk 00:44:55]} {[%emt 00:04:43]}
20. fxe4 {[%clk 01:21:32]} {[%emt 00:00:05]} Nb5 {[%clk 00:44:34]} {[%emt
00:00:51]} 21. e5 {[%clk 01:17:09]} {[%emt 00:04:53]} Nf8 {[%clk 00:42:25]}
{[%emt 00:02:38]} 22. d5 {[%clk 01:07:33]} {[%emt 00:10:06]} Qa7+ {[%clk
00:37:28]} {[%emt 00:05:27]} 23. Nbc5 {[%clk 00:59:07]} {[%emt 00:08:57]} Nc7
{[%clk 00:35:42]} {[%emt 00:02:14]} 24. e6 {[%clk 00:43:41]} {[%emt 00:15:58]}
fxe6 {[%clk 00:31:19]} {[%emt 00:04:53]} 25. d6 {[%clk 00:42:06]} {[%emt
00:02:06]} Nd5 {[%clk 00:29:21]} {[%emt 00:02:28]} 26. Kh1 {[%clk 00:37:41]}
{[%emt 00:04:55]} g6 {[%clk 00:24:19]} {[%emt 00:05:31]} 27. Bc4 {[%clk
00:25:55]} {[%emt 00:12:16]} Rb8 {[%clk 00:17:32]} {[%emt 00:07:17]} 28. Ne4
{[%clk 00:22:17]} {[%emt 00:04:08]} Nh7 {[%clk 00:14:50]} {[%emt 00:03:13]} 29.
Nac5 {[%clk 00:19:23]} {[%emt 00:03:24]} Qg7 {[%clk 00:14:10]} {[%emt
00:01:10]} 30. Qd2 {[%clk 00:18:01]} {[%emt 00:01:51]} g5 {[%clk 00:05:33]}
{[%emt 00:09:08]} 31. Ng3 {[%clk 00:14:54]} {[%emt 00:03:36]} Nhf6 {[%clk
00:05:23]} {[%emt 00:00:41]} 32. Nge4 {[%clk 00:11:49]} {[%emt 00:03:35]} Nh7
{[%clk 00:03:43]} {[%emt 00:02:10]} 33. Nf2 {[%clk 00:10:50]} {[%emt 00:01:29]}
Nf8 {[%clk 00:02:28]} {[%emt 00:01:45]} 34. Ng4 {[%clk 00:10:40]} {[%emt
00:00:39]} Rd8 {[%clk 00:01:52]} {[%emt 00:01:07]} 35. Bxd5 {[%clk 00:09:10]}
{[%emt 00:02:00]} cxd5 {[%clk 00:01:24]} {[%emt 00:00:58]} 36. Nf6+ {[%clk
00:09:18]} {[%emt 00:00:21]} Kh8 {[%clk 00:01:50]} {[%emt 00:00:04]} 37. d7
{[%clk 00:09:24]} {[%emt 00:00:24]} Bxd7 {[%clk 00:01:16]} {[%emt 00:01:04]}
38. Nfxd7 {[%clk 00:09:05]} {[%emt 00:00:48]} Rxd7 {[%clk 00:01:37]} {[%emt
00:00:10]} 39. Nxd7 {[%clk 00:09:09]} {[%emt 00:00:26]} Qxd7 {[%clk 00:02:03]}
{[%emt 00:00:03]} 40. Rf6 {[%clk 00:08:25]} {[%emt 00:01:13]} Qg7 {[%clk
00:00:52]} {[%emt 00:01:43]} 41. Ref1 {[%clk 00:08:19]} {[%emt 00:00:35]} Kg8
{[%clk 00:21:52]} {[%emt 00:09:32]} 42. Qf2 {[%clk 00:37:36]} {[%emt 00:01:12]}
Nh7 {[%clk 00:10:00]} {[%emt 00:12:21]} 43. Rf7 {[%clk 00:36:37]} {[%emt
00:01:30]} Qg6 {[%clk 00:04:38]} {[%emt 00:05:53]} 44. Qc5 {[%clk 00:34:04]}
{[%emt 00:03:03]} Re8 {[%clk 00:04:03]} {[%emt 00:01:07]} 45. R7f2 {[%clk
00:33:12]} {[%emt 00:01:21]} g4 {[%clk 00:03:47]} {[%emt 00:00:48]} 46. Qxa5
{[%clk 00:32:57]} {[%emt 00:00:45]} g3 {[%clk 00:02:11]} {[%emt 00:02:07]} 47.
hxg3 {[%clk 00:33:16]} {[%emt 00:00:10]} Ng5 {[%clk 00:00:33]} {[%emt
00:02:09]} 48. Qxb4 {[%clk 00:33:29]} {[%emt 00:00:16]} Qg7 {[%clk 00:01:02]}
{[%emt 00:00:01]} 49. Qb5 {[%clk 00:25:35]} {[%emt 00:08:26]} Re7 {[%clk
00:00:53]} {[%emt 00:00:40]} 50. Qb8+ {[%clk 00:22:50]} {[%emt 00:03:14]} Kh7
{[%clk 00:01:18]} {[%emt 00:00:06]} 51. Qf8 {[%clk 00:22:56]} {[%emt 00:00:23]}
Qxf8 {[%clk 00:00:40]} {[%emt 00:01:09]} 52. Rxf8 {[%clk 00:23:22]} {[%emt
00:00:04]} e5 {[%clk 00:01:00]} {[%emt 00:00:11]} 53. Rd8 {[%clk 00:23:22]}
{[%emt 00:00:28]} d4 {[%clk 00:01:03]} {[%emt 00:00:28]} 54. b4 {[%clk
00:23:15]} {[%emt 00:00:37]} Ra7 {[%clk 00:00:50]} {[%emt 00:00:43]} 55. b5
{[%clk 00:20:44]} {[%emt 00:03:02]} Rxa2 {[%clk 00:00:50]} {[%emt 00:00:30]}
56. Rb1 {[%clk 00:21:10]} {[%emt 00:00:04]} Ra7 {[%clk 00:00:57]} {[%emt
00:00:23]} 57. Rb8 {[%clk 00:14:44]} {[%emt 00:06:57]} d3 {[%clk 00:00:31]}
{[%emt 00:00:57]} 58. b6 {[%clk 00:15:13]} {[%emt 00:00:02]} Rd7 {[%clk
00:00:37]} {[%emt 00:00:24]} 59. Ra8 {[%clk 00:15:29]} {[%emt 00:00:14]} Kg6
{[%clk 00:00:34]} {[%emt 00:00:34]} 60. b7 {[%clk 00:15:50]} {[%emt 00:00:09]}
Rxb7 {[%clk 00:00:32]} {[%emt 00:00:32]} 61. Rxb7 {[%emt 00:00:06]} e4 {[%clk
00:00:32]} {[%emt 00:00:29]} 62. Rd8 {[%clk 00:14:26]} {[%emt 00:02:19]} Kf5
{[%clk 00:00:38]} {[%emt 00:00:25]} 63. Kg1 {[%clk 00:14:12]} {[%emt 00:00:43]}
Kg4 {[%clk 00:00:36]} {[%emt 00:00:34]} 64. Kf2 {[%clk 00:14:11]} {[%emt
00:00:30]} e3+ {[%clk 00:00:31]} {[%emt 00:00:36]} 65. Kxe3 {[%clk 00:14:37]}
{[%emt 00:00:04]} Kxg3 {[%clk 00:00:56]} {[%emt 00:00:06]} 66. Rg7 {[%clk
00:14:31]} {[%emt 00:00:34]} Kxg2 {[%clk 00:00:56]} {[%emt 00:00:31]} 67. Rxg5+
{[%clk 00:14:23]} {[%emt 00:00:39]} 1-0

[Event "Deutsche Ländermeisterschaft 2025"]
[Site "Oer-Erkenschwick GER"]
[Date "2025.10.01"]
[Round "2"]
[White "Polzin, Gustav"]
[Black "Ratushnyi, Viktor"]
[Result "0-1"]
[Termination "normal"]
[Board "2.4"]
[WhiteElo "2058"]
[BlackElo "2087"]
[WhiteClock "00:29:27"]
[BlackClock "00:06:05"]
[WhiteTeam "Sachsen-Anhalt"]
[BlackTeam "Bayern"]
[PlyCount "108"]
[WhiteFideId "34603280"]
[BlackFideId "34167293"]
[EventCountry "GER"]
[EventRounds "7"]
[EventType "team-swiss"]
[EventDate "2025.09.30"]

1. e4 {[%clk 01:30:59]} e6 {[%clk 01:30:55]} {[%emt 00:00:06]} 2. d4 {[%clk
01:31:15]} {[%emt 00:00:13]} d5 {[%clk 01:31:24]} {[%emt 00:00:01]} 3. Nd2
{[%clk 01:31:05]} {[%emt 00:00:40]} c5 {[%clk 01:31:36]} {[%emt 00:00:18]} 4.
exd5 {[%clk 01:31:28]} {[%emt 00:00:07]} Qxd5 {[%clk 01:31:58]} {[%emt
00:00:08]} 5. Ngf3 {[%clk 01:31:55]} {[%emt 00:00:03]} cxd4 {[%clk 01:31:55]}
{[%emt 00:00:33]} 6. Bc4 {[%clk 01:32:18]} {[%emt 00:00:07]} Qd7 {[%clk
01:32:18]} {[%emt 00:00:07]} 7. O-O {[%clk 01:32:13]} {[%emt 00:00:35]} Nc6
{[%clk 01:32:42]} {[%emt 00:00:06]} 8. Qe2 {[%clk 01:30:16]} {[%emt 00:02:27]}
Nf6 {[%clk 01:21:37]} {[%emt 00:11:35]} 9. Nb3 {[%clk 01:30:32]} {[%emt
00:00:14]} Bd6 {[%clk 01:19:18]} {[%emt 00:02:49]} 10. Bg5 {[%clk 01:25:47]}
{[%emt 00:05:16]} O-O {[%clk 01:14:38]} {[%emt 00:05:09]} 11. Bxf6 {[%clk
01:25:54]} {[%emt 00:00:23]} gxf6 {[%clk 01:15:06]} {[%emt 00:00:02]} 12. Nfxd4
{[%clk 01:26:09]} {[%emt 00:00:15]} Nxd4 {[%clk 01:10:46]} {[%emt 00:04:50]}
13. Qg4+ {[%clk 01:19:17]} {[%emt 00:07:22]} Kh8 {[%clk 01:10:48]} {[%emt
00:00:28]} 14. Qxd4 {[%clk 01:18:44]} {[%emt 00:01:03]} Be5 {[%clk 01:05:37]}
{[%emt 00:05:41]} 15. Qh4 {[%clk 01:14:45]} {[%emt 00:04:29]} f5 {[%clk
01:02:30]} {[%emt 00:03:37]} 16. Rfe1 {[%clk 01:06:26]} {[%emt 00:08:48]} Bg7
{[%clk 00:59:07]} {[%emt 00:03:53]} 17. Rad1 {[%clk 01:02:37]} {[%emt
00:04:20]} Qc7 {[%clk 00:56:01]} {[%emt 00:03:35]} 18. Re3 {[%clk 01:00:57]}
{[%emt 00:02:11]} h6 {[%clk 00:47:42]} {[%emt 00:08:49]} 19. Be2 {[%clk
00:34:48]} {[%emt 00:26:39]} b6 {[%clk 00:42:48]} {[%emt 00:05:24]} 20. c3
{[%clk 00:34:41]} {[%emt 00:00:37]} Bb7 {[%clk 00:40:51]} {[%emt 00:02:27]} 21.
f4 {[%clk 00:31:22]} {[%emt 00:03:49]} Rad8 {[%clk 00:36:02]} {[%emt 00:05:19]}
22. Nd4 {[%clk 00:29:13]} {[%emt 00:02:40]} Rg8 {[%clk 00:33:33]} {[%emt
00:02:57]} 23. Rdd3 {[%clk 00:24:56]} {[%emt 00:04:47]} Be4 {[%clk 00:19:18]}
{[%emt 00:14:46]} 24. Nb5 {[%clk 00:19:03]} {[%emt 00:06:23]} Qc5 {[%clk
00:19:16]} {[%emt 00:00:32]} 25. Qxd8 {[%clk 00:18:46]} {[%emt 00:00:47]} Rxd8
{[%clk 00:18:40]} {[%emt 00:01:06]} 26. Rxd8+ {[%clk 00:19:09]} {[%emt
00:00:06]} Kh7 {[%clk 00:19:05]} {[%emt 00:00:05]} 27. Kf2 {[%clk 00:16:34]}
{[%emt 00:03:05]} a6 {[%clk 00:18:47]} {[%emt 00:00:49]} 28. Na3 {[%clk
00:15:15]} {[%emt 00:01:49]} Qc7 {[%clk 00:18:42]} {[%emt 00:00:35]} 29. Rd1
{[%clk 00:14:45]} {[%emt 00:01:01]} Qxf4+ {[%clk 00:19:05]} {[%emt 00:00:07]}
30. Bf3 {[%clk 00:15:03]} {[%emt 00:00:12]} Bxf3 {[%clk 00:15:19]} {[%emt
00:04:15]} 31. Rxf3 {[%clk 00:15:25]} {[%emt 00:00:08]} Qxh2 {[%clk 00:15:40]}
{[%emt 00:00:09]} 32. Re1 {[%clk 00:12:47]} {[%emt 00:03:08]} Bf6 {[%clk
00:15:02]} {[%emt 00:01:07]} 33. Re2 {[%clk 00:12:25]} {[%emt 00:00:52]} Bh4+
{[%clk 00:10:28]} {[%emt 00:05:04]} 34. Ke3 {[%clk 00:12:42]} {[%emt 00:00:14]}
Qg1+ {[%clk 00:07:14]} {[%emt 00:03:44]} 35. Kd3 {[%clk 00:12:18]} {[%emt
00:00:54]} Bg5 {[%clk 00:05:50]} {[%emt 00:01:53]} 36. Kc2 {[%clk 00:11:26]}
{[%emt 00:01:23]} Qc1+ {[%clk 00:04:13]} {[%emt 00:02:06]} 37. Kb3 {[%clk
00:11:50]} {[%emt 00:00:06]} Qd1+ {[%clk 00:04:23]} {[%emt 00:00:20]} 38. Rc2
{[%clk 00:12:14]} {[%emt 00:00:06]} Kg6 {[%clk 00:03:18]} {[%emt 00:01:36]} 39.
c4 {[%clk 00:11:29]} {[%emt 00:01:15]} e5 {[%clk 00:03:20]} {[%emt 00:00:28]}
40. Rff2 {[%clk 00:07:38]} {[%emt 00:04:21]} e4 {[%clk 00:03:17]} {[%emt
00:00:32]} 41. Rfe2 {[%clk 00:07:22]} {[%emt 00:00:46]} e3 {[%clk 00:23:27]}
{[%emt 00:10:20]} 42. Ka4 {[%clk 00:33:41]} {[%emt 00:04:12]} f4 {[%clk
00:17:50]} {[%emt 00:06:07]} 43. b4 {[%clk 00:31:24]} {[%emt 00:02:47]} Be7
{[%clk 00:16:38]} {[%emt 00:01:41]} 44. c5 {[%clk 00:30:56]} {[%emt 00:00:58]}
bxc5 {[%clk 00:16:42]} {[%emt 00:00:27]} 45. bxc5 {[%clk 00:31:04]} {[%emt
00:00:22]} Bxc5 {[%clk 00:17:02]} {[%emt 00:00:09]} 46. Nc4 {[%clk 00:30:57]}
{[%emt 00:00:37]} Qd7+ {[%clk 00:10:39]} {[%emt 00:06:54]} 47. Kb3 {[%clk
00:31:04]} {[%emt 00:00:23]} Qb5+ {[%clk 00:09:26]} {[%emt 00:01:43]} 48. Kc3
{[%clk 00:31:26]} {[%emt 00:00:08]} Be7 {[%clk 00:06:43]} {[%emt 00:03:13]} 49.
Kd4 {[%clk 00:28:18]} {[%emt 00:03:39]} Bf6+ {[%clk 00:05:47]} {[%emt
00:01:26]} 50. Ke4 {[%clk 00:28:21]} {[%emt 00:00:27]} Qf5+ {[%clk 00:05:08]}
{[%emt 00:01:08]} 51. Kf3 {[%clk 00:28:45]} {[%emt 00:00:07]} Kg5 {[%clk
00:04:53]} {[%emt 00:00:46]} 52. Nxe3 {[%clk 00:28:35]} {[%emt 00:00:40]} fxe3+
{[%clk 00:05:15]} {[%emt 00:00:07]} 53. Kxe3 {[%clk 00:29:00]} {[%emt
00:00:06]} Qf4+ {[%clk 00:05:40]} {[%emt 00:00:05]} 54. Kd3 {[%clk 00:29:27]}
{[%emt 00:00:03]} Qd4# {[%clk 00:06:05]} {[%emt 00:00:05]} 0-1

[Event "Deutsche Ländermeisterschaft 2025"]
[Site "Oer-Erkenschwick GER"]
[Date "2025.10.01"]
[Round "2"]
[White "Reich, Elisabeth"]
[Black "Voigt, Anastasia"]
[Result "0-1"]
[Termination "normal"]
[Board "2.5"]
[WhiteElo "1894"]
[BlackElo "1894"]
[WhiteClock "01:00:27"]
[BlackClock "00:46:14"]
[WhiteTeam "Bayern"]
[BlackTeam "Sachsen-Anhalt"]
[PlyCount "92"]
[WhiteFideId "16239776"]
[BlackFideId "16235223"]
[EventCountry "GER"]
[EventRounds "7"]
[EventType "team-swiss"]
[EventDate "2025.09.30"]

1. e4 {[%clk 01:30:58]} e5 {[%clk 01:30:52]} {[%emt 00:00:08]} 2. Nf3 {[%clk
01:31:24]} {[%emt 00:00:04]} Nc6 {[%clk 01:31:19]} {[%emt 00:00:04]} 3. Bc4
{[%clk 01:31:47]} {[%emt 00:00:07]} Bc5 {[%clk 01:31:45]} {[%emt 00:00:03]} 4.
d3 {[%clk 01:31:56]} {[%emt 00:00:21]} Nf6 {[%clk 01:32:10]} {[%emt 00:00:05]}
5. O-O {[%clk 01:32:16]} {[%emt 00:00:10]} d6 {[%clk 01:32:12]} {[%emt
00:00:28]} 6. c3 {[%clk 01:32:36]} {[%emt 00:00:10]} a6 {[%clk 01:32:37]}
{[%emt 00:00:06]} 7. Nbd2 {[%clk 01:32:56]} {[%emt 00:00:09]} O-O {[%clk
01:32:53]} {[%emt 00:00:14]} 8. h3 {[%clk 01:33:16]} {[%emt 00:00:10]} Ba7
{[%clk 01:33:13]} {[%emt 00:00:10]} 9. Bb3 {[%clk 01:33:35]} {[%emt 00:00:10]}
h6 {[%clk 01:33:38]} {[%emt 00:00:06]} 10. Re1 {[%clk 01:33:59]} {[%emt
00:00:06]} Re8 {[%clk 01:32:33]} {[%emt 00:01:36]} 11. Nf1 {[%clk 01:34:16]}
{[%emt 00:00:12]} Be6 {[%clk 01:32:07]} {[%emt 00:00:56]} 12. Bc2 {[%clk
01:34:27]} {[%emt 00:00:18]} Ne7 {[%clk 01:30:59]} {[%emt 00:01:39]} 13. Ng3
{[%clk 01:34:04]} {[%emt 00:00:53]} Ng6 {[%clk 01:31:15]} {[%emt 00:00:14]} 14.
Be3 {[%clk 01:29:56]} {[%emt 00:04:38]} d5 {[%clk 01:26:06]} {[%emt 00:05:40]}
15. d4 {[%clk 01:22:54]} {[%emt 00:07:32]} dxe4 {[%clk 01:13:13]} {[%emt
00:13:23]} 16. Nxe4 {[%clk 01:23:01]} {[%emt 00:00:23]} exd4 {[%clk 01:07:24]}
{[%emt 00:06:20]} 17. Bxd4 {[%clk 01:17:16]} {[%emt 00:06:14]} Bxd4 {[%clk
01:01:33]} {[%emt 00:06:21]} 18. Qxd4 {[%clk 01:17:10]} {[%emt 00:00:37]} Qxd4
{[%clk 00:55:34]} {[%emt 00:06:29]} 19. Nxd4 {[%clk 01:17:29]} {[%emt
00:00:09]} Nd7 {[%clk 00:54:55]} {[%emt 00:01:10]} 20. Nxe6 {[%clk 01:13:51]}
{[%emt 00:04:09]} Rxe6 {[%clk 00:54:59]} {[%emt 00:00:26]} 21. Rad1 {[%clk
01:13:19]} {[%emt 00:01:01]} Re7 {[%clk 00:54:32]} {[%emt 00:00:58]} 22. Ng3
{[%clk 01:11:17]} {[%emt 00:02:31]} Rxe1+ {[%clk 00:48:04]} {[%emt 00:07:00]}
23. Rxe1 {[%clk 01:11:45]} {[%emt 00:00:01]} Ndf8 {[%clk 00:48:08]} {[%emt
00:00:25]} 24. Nf5 {[%clk 01:09:19]} {[%emt 00:02:54]} Rd8 {[%clk 00:45:05]}
{[%emt 00:03:35]} 25. Ne7+ {[%clk 01:07:09]} {[%emt 00:02:38]} Nxe7 {[%clk
00:45:01]} {[%emt 00:00:36]} 26. Rxe7 {[%clk 01:07:37]} {[%emt 00:00:02]} Ne6
{[%clk 00:43:33]} {[%emt 00:01:58]} 27. Be4 {[%clk 01:04:01]} {[%emt 00:04:06]}
Kf8 {[%clk 00:43:22]} {[%emt 00:00:42]} 28. Rxe6 {[%clk 01:04:26]} {[%emt
00:00:04]} fxe6 {[%clk 00:43:48]} {[%emt 00:00:05]} 29. Bxb7 {[%clk 01:04:47]}
{[%emt 00:00:09]} Rd1+ {[%clk 00:43:45]} {[%emt 00:00:33]} 30. Kh2 {[%clk
01:05:10]} {[%emt 00:00:07]} a5 {[%clk 00:43:59]} {[%emt 00:00:16]} 31. b3
{[%clk 00:56:36]} {[%emt 00:09:03]} Rd2 {[%clk 00:43:34]} {[%emt 00:00:56]} 32.
Kg3 {[%clk 00:56:43]} {[%emt 00:00:21]} Rxa2 {[%clk 00:43:42]} {[%emt
00:00:24]} 33. Bc6 {[%clk 00:56:59]} {[%emt 00:00:14]} Rc2 {[%clk 00:43:50]}
{[%emt 00:00:21]} 34. c4 {[%clk 00:56:42]} {[%emt 00:00:47]} Rc3+ {[%clk
00:44:14]} {[%emt 00:00:07]} 35. f3 {[%clk 00:57:04]} {[%emt 00:00:07]} Rxb3
{[%clk 00:44:38]} {[%emt 00:00:07]} 36. Bb5 {[%clk 00:56:46]} {[%emt 00:00:48]}
Rxb5 {[%clk 00:44:04]} {[%emt 00:01:04]} 37. cxb5 {[%clk 00:57:08]} {[%emt
00:00:08]} a4 {[%clk 00:44:24]} {[%emt 00:00:10]} 38. Kf4 {[%clk 00:57:30]}
{[%emt 00:00:07]} a3 {[%clk 00:44:46]} {[%emt 00:00:09]} 39. Ke5 {[%clk
00:57:53]} {[%emt 00:00:06]} a2 {[%clk 00:44:44]} {[%emt 00:00:33]} 40. Kxe6
{[%clk 00:58:12]} {[%emt 00:00:10]} a1=Q {[%clk 00:45:08]} {[%emt 00:00:07]}
41. Kd7 {[%clk 00:58:34]} {[%emt 00:00:08]} Qe5 {[%clk 00:45:23]} {[%emt
00:00:13]} 42. Kc6 {[%clk 00:58:56]} {[%emt 00:00:09]} Ke7 {[%clk 00:45:12]}
{[%emt 00:00:41]} 43. g4 {[%clk 00:59:17]} {[%emt 00:00:09]} Kd8 {[%clk
00:45:28]} {[%emt 00:00:14]} 44. Kb7 {[%clk 00:59:39]} {[%emt 00:00:09]} Qxb5+
{[%clk 00:45:50]} {[%emt 00:00:08]} 45. Ka8 {[%clk 01:00:02]} {[%emt 00:00:06]}
Kc8 {[%clk 00:46:14]} {[%emt 00:00:06]} 46. Ka7 {[%clk 01:00:27]} {[%emt
00:00:05]} Qb7# {[%emt 00:00:04]} 0-1